000 01649nam a2200241Ia 4500
003 Ost
005 20260507075534.0
008 260507s9999||||xx |||||||||||||| ||und||
020 _a9772121395
040 _cfsecg
041 _aara
082 _a330
100 _aعبد الرحيم، محمد ابراهيم
_eمؤلف
245 0 _aالعولمة والتجارة الدولية /
_c محمد ابراهيم عبد الرحيم
260 _aالاسكندرية:
_bمؤسسة شباب الجامعة,
_c2009
300 _a219 صفحة؛
_bإيضاحات ؛
_c24 سم
504 _aبيبليوغرافيا: ص ص.215-218 المراجع ص.215 (اقتناءات 2014 3ن)
520 _aيضم العولمة الاقتصادية، نظريات التجارة الخارجية -سلاسل القيمة والعولمة - النظرية التقليدية -نظرية التكاليف النسبية -نظرية تكلفة الفرصة البديلة - النظرية الحديثة في التجارة الدولية نظرية التوافر النسبي لعوامل الانتاج -سياسة التجارة الخارجية -التكامل الاقتصادي الاقليمي - مقدمة عن التجارة الدولية -منظمة التجارة العالمية -الاتفاقية العامة للتعريفات والتجارة -الانتقادات ضد منظمة التجارة العالمية -التجارة العالمية في زمن العولمة
653 _aالتجارة الخارجية
653 _aالعلاقات الإقتصادية الدولية
653 _aالعولمة
942 _cكتاب
999 _c44833
_d44833